000 00379 a2200169 4500
001 182668
020 _a978-85-322-7620-9
040 _cMagnum
100 _aAlencar, José de
240 1 0 _aCinco minutos / A viuvinha *R*
_lpor
245 1 0 _aCinco minutos / A viuvinha *R*
300 _a167
362 0 _a2011
440 1 _aFTD
697 _aLITERATURA GERAL
942 _cBK
999 _c182668
_d182668